000 00435nam a2200169Ia 4500
005 20250508153202.0
008 008 250505s9999 xx 000 0 eng d
037 _aBooks to be hide in OPAC
040 _aFEDL
_beng
_cFEDL
041 _aeng
_2eng
084 _a920, GUP/O
_qFEDL
100 _aGupta K L
245 0 _aEducationists in India
300 _a229p.
942 _cHB
_h920, GUP/O
999 _c1341113
_d1341113